Gender studies : terms and debates

Αποθηκεύτηκε σε:
Λεπτομέρειες βιβλιογραφικής εγγραφής
Κύριος συγγραφέας: Cranny-Francis, Anne
Άλλοι συγγραφείς: Waring, Wendy Elizabeth 1960-, Kirkby, Joan
Μορφή: Βιβλίο
Γλώσσα:English
Δημοσίευση: [New York] : Palgrave Macmillan, [c2003]
Θέματα:
Ετικέτες: Προσθήκη ετικέτας
Δεν υπάρχουν, Καταχωρήστε ετικέτα πρώτοι!

MARC

LEADER 00000nam a2200000 i 4500
001 1/32807
008 060726s2003 eng d
020 |a 0-333-77612-7 (pbk.) 
035 |l 10084776 
040 |a GR-MY-UA  |b gre  |e aacr 
041 0 |a eng 
082 0 |a 305.4  |2 (22) 
100 1 |a Cranny-Francis, Anne. 
245 1 0 |a Gender studies :  |b terms and debates /  |c Anne Cranny - Francis...[et al.] 
260 |a [New York] :   |b Palgrave Macmillan,   |c [c2003] 
300 |a 276 σ.;  |c 24 εκ. 
504 |a Βιβλιογραφία: σ. 253-269. Ευρετήριο 
650 0 0 |a Women's studies. 
650 0 0 |a Feminist theory. 
650 0 0 |a Women's studies  |x Terminology. 
700 1 |a Waring, Wendy Elizabeth  |d 1960- 
700 1 |a Kirkby, Joan. 
852 |a INST  |b RHODES  |e 20060726  |h 305.4 CRA  |p 005400024448  |q 005400024448  |t BK  |y 0 
901 |a BIBL4-2006-2 
909 |a Ρ  |b 126833 
920 |a ΑΝΑΜΟΡΦΩΣΗ  |b ΕΠΕΑΕΚ ΙΙ-ΤΕΠΑΕΣ  |y ΡΟΔΟΣ  |z 2006-06 
970 |a ΚΟΖΑ  |b ΜΑΡΙΑ  |z 2006/07/26